000 00413nam a2200169Ia 4500
008 230524s9999 xx 000 0 und d
082 _a645.12
_bMER
100 _aJ.L.Meriam
245 0 _aEngineering Mechanics Dynamics (5th ed.)
250 _a5TH
260 _aNEW DELHI
_bJohn Wiley
_c2002
300 _a702
500 _aQuantity Number: 3
650 _aMechanics
700 _a L.G.Kraige
942 _cBK
999 _c11969
_d11969